| 000 | 00735nam a22002177a 4500 | ||
|---|---|---|---|
| 999 |
_c10390 _d10390 |
||
| 003 | AR-CdUCM | ||
| 008 | 190401b ||||| |||| 00| 0 spa d | ||
| 040 |
_aMUNICIPALIDAD PROVINCIAL DEL CUSCO _cBIBLIOTECA MUNICIPAL DEL CUSCO |
||
| 082 |
_aEP / 895.10 / _bR38 |
||
| 100 |
_aBinjie, Chu _927214 |
||
| 245 | _aRelatos mitológicos de la antigua China | ||
| 260 |
_aBeijing ; _bEdiciones en lenguas extranjeras, _c1982. |
||
| 300 |
_a149 páginas ; _bIlustraciones, _c18 cm. |
||
| 505 | _aContenido: Cuentos populares Chinos. | ||
| 650 |
_aCuentos populares Chinos _927215 |
||
| 650 |
_aLiteratura escolar _926679 |
||
| 650 |
_aChina _9843 |
||
| 700 |
_aYongqing, Yang (ilustraciones) _927216 |
||
| 942 |
_2ddc _cLIBROS |
||
| 945 | _adavv | ||